000 00793cam a2200205 4500
001 WB3731-17
008 010814n2001 000 0 eng u
035 _a(Sirsi) u114088
245 _aPhone mast radiation not dangerous
260 _c2001
490 _aIndependent
_v12 August 2001, 3(1)
520 _aAn audit by the Radio CommunicatIons Agency has found that emissions of electromagnetic radiation from mobile phone masts are significantly below national and international guidelines. The survey which has studied emissions at 48 schools is due to be completed in March 2002.
590 _aWB
650 _aRADIATION LEVELS
650 _aMOBILE PHONE MASTS
650 _aTELECOMMUNICATION MASTS
650 _aHEALTH HAZARDS
690 _aHealth and safety
_96244
942 _n0
999 _c67995
_d67995